[Event "TIPC 2016"]
[Site "Roux"]
[Date "2016.08.03"]
[Round "6.7"]
[White "Cappon, John"]
[Black "Vanderwaeren, Serge"]
[Result "1-0"]
[BlackElo "2208"]
[WhiteElo "2229"]
[LiveChessVersion "1.4.6"]

1. e4  c5  2. d4  cxd4
 3. c3  dxc3  4. Nxc3
 Nc6  5. Nf3  e6 
6. Bc4  a6  7. O-O  d6
 8. Qe2  Nge7  9. Bg5
 h6  10. Bh4  b5 
11. Bb3  Qb6  12. Rfd1  Ng6
 13. Bg3  Nce5  14. Nxe5
 dxe5  15. a4  Be7
 16. axb5  O-O  17. Bc4
 a5  18. Na4  Qa7
 19. b6  Qb8  20. f3
 Bb7  21. Bf2  Nf4
 22. Qf1  Bc6  23. g3
 Bxa4  24. Rxa4  Nh5
 25. Ba6  Qe8  26. Rxa5
 Qc6  27. b7  Rab8
 28. Qb5  Qc2  29. Raa1
 Bg5  30. Qxe5  Nf6
 31. Qc3  Qxc3  32. bxc3
 1-0

[Event "TIPC 2016"]
[Site "Roux"]
[Date "2016.08.03"]
[Round "6.8"]
[White "Okhotnik, Vladimir"]
[Black "Hoffmeister, Frank"]
[Result "1-0"]
[BlackElo "2165"]
[WhiteElo "2454"]
[LiveChessVersion "1.4.6"]

1. e4  c6  2. Nf3  d5
 3. Nc3  Bg4  4. h3
 Bxf3  5. Qxf3  Nf6
 6. d4  dxe4  7. Qe3
 Nbd7  8. Nxe4  Nxe4
 9. Qxe4  Nf6  10. Qd3
 e5  11. dxe5  Qa5+
 12. Bd2  Qxe5+  13. Qe2
 Qxe2+  14. Bxe2  Bc5
 15. Bd3  O-O  16. O-O
 Bd4  17. Rfe1  Rfe8
 18. Rad1  g6  19. c3
 Bb6  20. Bh6  Rad8
 21. Bc4  Rxe1+  22. Rxe1
 Re8  23. Rxe8+  Nxe8
 24. Kf1  Nd6  25. Bd3
 f6  26. h4  Kf7 
27. Bc2  Ke7  28. Ke2  Nf7
 29. Bc1  f5  30. Bb3
 Kf6  31. Bf4  Bc5
 32. a4  Bd6  33. Be3
 b6  34. a5  Bc7 
35. a6  c5  36. g3  Bd6
 37. Bd5  Ne5  38. Bg5+
 Kg7  39. Bd8  Bb8
 40. Bg5  Bc7  41. Bd2
 Bd6  42. b3  Bc7
 43. b4  Bd6  44. Bb7
 Kf6  45. Bd5  Kg7
 46. f4  Ng4  47. Kd3
 Kf8  48. Kc4  Ke7
 49. Bf3  cxb4  50. cxb4
 Ke6  51. Bxg4  fxg4
 52. Be3  Bc7  53. Bd4
 h6  54. Bf2  Bd8
 55. b5  Bc7  56. Kd4
 Bd6  57. Ke4  Bc7
 58. Bd4  Bb8  59. Be5
 Bd6  60. Bxd6  Kxd6
 61. f5  gxf5+  62. Kxf5
 Kc5  63. Kg6  Kxb5
 64. Kxh6  Kxa6  65. Kg5
 b5  66. Kf4  b4 
67. Ke3  Kb5  68. Kd2  Kc4
 69. h5  Kb3  70. h6
 Ka2  71. h7  b3 
72. h8=Q  b2  73. Qg8+  Ka1
 74. Qg7  Ka2  75. Qxa7+
 Kb1  76. Kc3  1-0

[Event "TIPC 2016"]
[Site "Roux"]
[Date "2016.08.03"]
[Round "6.9"]
[White "De Villers, Mourad"]
[Black "Le Quang, Kim"]
[Result "1-0"]
[BlackElo "2264"]
[WhiteElo "2136"]
[LiveChessVersion "1.4.6"]

1. c4  e5  2. g3  Nf6
 3. Bg2  h6  4. a3
 c6  5. d4  exd4 
6. Qxd4  d5  7. cxd5  cxd5
 8. Nf3  Nc6  9. Qa4
 Bc5  10. O-O  O-O
 11. b4  Bb6  12. Bb2
 Re8  13. Qd1  Bg4
 14. Nc3  a6  15. Rc1
 Qe7  16. Na4  Ba7
 17. Nc5  Ne4  18. Qxd5
 Nxc5  19. bxc5  Qxe2
 20. Qb3  Qe7  21. Rfe1
 Be6  22. Qc3  Qf8
 23. Nd2  Rad8  24. Ne4
 f6  25. Nd6  Rxd6
 26. cxd6  Bd4  27. Qd2
 Bxb2  28. Qxb2  Qxd6
 29. Rcd1  Qc7  30. Rxe6
 Rxe6  31. Bd5  Kf7
 32. Qb3  Nd8  33. Re1
 Qd7  34. a4  Ke7
 35. Bxe6  Nxe6  36. Qb4+
 Kf7  37. Rb1  Nd8
 38. Qb3+  Qe6  39. Qd3
 Qe7  40. h4  Kg8
 41. Kf1  Kf8  42. Qd5
 Nc6  43. h5  Nb4
 44. Qf5  Kg8  45. Re1
 Qd8  46. Kg1  a5
 47. Qb5  Kh7  48. Qxb7
 f5  49. Qf3  Qf6
 50. Re8  Nc6  51. Qd5
 Ne7  52. Qd8  1-0

[Event "TIPC 2016"]
[Site "Roux"]
[Date "2016.08.03"]
[Round "6.10"]
[White "Van Mechelen, Jan"]
[Black "Werner, Ivan"]
[Result "1-0"]
[BlackElo "2110"]
[WhiteElo "2249"]
[LiveChessVersion "1.4.6"]

1. d4  Nf6  2. c4  g6
 3. Nc3  d5  4. cxd5
 Nxd5  5. e4  Nxc3
 6. bxc3  Bg7  7. Bc4
 c5  8. Ne2  O-O 
9. O-O  Nc6  10. Be3  Qc7
 11. Rc1  e6  12. Qd2
 b6  13. Bh6  Bb7
 14. Bxg7  Kxg7  15. Qe3
 Rfe8  16. Rfd1  Ne7
 17. Bb5  Red8  18. h4
 h6  19. h5  e5 
20. hxg6  fxg6  21. f4  a6
 22. Bd3  c4  23. Bb1
 exf4  24. Nxf4  Bc8
 25. Rf1  Bg4  26. Qg3
 Qd7  27. e5  Rg8
 28. e6  Bxe6  29. Nh5+
 Kh8  30. Qe5+  1-0

[Event "TIPC 2016"]
[Site "Roux"]
[Date "2016.08.03"]
[Round "6.11"]
[White "Faybish, Nimrod"]
[Black "Müeller, Martin"]
[Result "0-1"]
[BlackElo "2070"]
[WhiteElo "2203"]
[LiveChessVersion "1.4.6"]

1. e4 c6 2. d4 d5 3. Nd2 dxe4 4. Nxe4 Bf5 5. Ng3 Bg6 6. h4 h6 7. h5 Bh7 8. Nf3
Nd7 9. Bd3 Bxd3 10. Qxd3 e6 11. Bd2 Ngf6 12. O-O-O Be7 13. Kb1 Rc8 14. Ne4 c5 15.
g4 cxd4 16. Nxd4 Nxe4 17. Qxe4 Nc5 18. Qe3 Qb6 19. Nb3 Nxb3 20. axb3 Qxe3 21.
Bxe3 Bc5 22. Bxc5 Rxc5 23. Rd4 Ke7 24. Rhd1 Rc7 25. f4 g6 26. hxg6 fxg6 27. Re1
Kf6 28. b4 Rhc8 29. Rde4 Rc6 30. c4 b6 31. b5 Rd6 32. b4 h5 33. gxh5 gxh5 34. Rc1
Rd3 35. Kb2 Rg8 36. c5 bxc5 37. bxc5 Rgg3 38. Rb4 Rd2+ 39. Kb1 Ke7 40. b6 axb6
41. cxb6 Rdd3 42. Rb2 Rg8 43. b7 Rb8 44. Rg1 Kf6 45. Rc1 Rd7 46. Rc5 Rdxb7 47.
Rxb7 Rxb7+ 48. Kc2 Rh7 49. Kd3 h4 50. Ke4 h3 51. Rc1 h2 52. Rh1 Rh3 53. f5 e5 0-1

[Event "TIPC 2016"]
[Site "Roux"]
[Date "2016.08.03"]
[Round "6.12"]
[White "Decrop, Benjamin"]
[Black "Henris, Luc"]
[Result "1-0"]
[BlackElo "2170"]
[WhiteElo "2098"]
[LiveChessVersion "1.4.6"]

1. d4 d5 2. c4 Nc6 3. Nf3 Bg4 4. e3 e6 5. Nc3 Nf6 6. cxd5 exd5 7. Bb5 Qd6 8. h3
Bd7 9. O-O Be7 10. Bd3 a6 11. a3 O-O 12. Qc2 Rfe8 13. b4 Bd8 14. Bb2 Qe7 15. Rfd1
h6 16. Ne5 Nb8 17. Rac1 Bc8 18. Qb3 c6 19. a4 Bc7 20. b5 Bxe5 21. dxe5 Nfd7 22.
bxc6 bxc6 23. Nxd5 cxd5 24. Qxd5 Nb6 25. Qe4 f5 26. exf6 Qxe4 27. Bxe4 Ra7 28.
Bg6 Rf7 29. Bxf7+ Kxf7 30. Rc7+ N6d7 31. fxg7 a5 32. Rd5 Kg8 33. Rxa5 Nb6 34. Rb5
Na6 35. Ra7 Nxa4 36. Bd4 Re6 37. Ra5 1-0

[Event "TIPC 2016"]
[Site "Roux"]
[Date "2016.08.03"]
[Round "6.13"]
[White "Klinova, Masha"]
[Black "Dugailliez, Guy"]
[Result "1-0"]
[BlackElo "1941"]
[WhiteElo "2301"]
[LiveChessVersion "1.4.6"]

1. e4 Nf6 2. e5 Nd5 3. d4 Nb6 4. Nf3 d5 5. h3 Bf5 6. Be2 e6 7. Nbd2 c5 8. dxc5
Bxc5 9. Nb3 Be7 10. Nfd4 Bg6 11. O-O O-O 12. f4 Nc6 13. c3 Rc8 14. Bf3 Nc4 15.
Qe2 a6 16. Kh1 N4a5 17. g4 Nxb3 18. Nxb3 Qd7 19. Be3 f6 20. exf6 Rxf6 21. Rad1
Bd6 22. f5 exf5 23. Bxd5+ Kh8 24. Bg5 Re8 25. Qd2 Rff8 26. Bg2 h6 27. Qxd6 Qxd6
28. Rxd6 Kh7 29. gxf5 Bf7 30. Bh4 Re2 31. Rd2 1-0

[Event "TIPC 2016"]
[Site "Roux"]
[Date "2016.08.03"]
[Round "6.14"]
[White "Van Uytven, Eric"]
[Black "Gijsen, Stief"]
[Result "0-1"]
[BlackElo "2144"]
[WhiteElo "2074"]
[LiveChessVersion "1.4.6"]

1. e4 e5 2. Nf3 Nc6 3. Nc3 Nf6 4. Bb5 Bb4 5. O-O O-O 6. d3 Bxc3 7. bxc3 d6 8.
Bxc6 bxc6 9. h3 Re8 10. Nh2 d5 11. Qf3 h6 12. Re1 Qd6 13. Nf1 dxe4 14. dxe4 c5
15. Ba3 Qc6 16. Qe3 Nd7 17. Ng3 Rb8 18. Nf5 Rb6 19. Qg3 Qg6 20. Qxg6 Rxg6 21. Ne3
Ra6 22. Bc1 Bb7 23. f3 Nb6 24. Rd1 Ra4 25. c4 Bc6 26. Nd5 Rxc4 27. Nxc7 Rc8 28.
Nd5 Bxd5 29. exd5 Rxc2 30. Be3 f6 31. Rac1 Rxc1 32. Rxc1 Nd7 33. Rb1 Nb6 34. Rc1
Nxd5 35. Rxc5 Rxc5 36. Bxc5 a6 37. g3 Kf7 38. Kf2 g6 39. a3 h5 40. h4 Ke6 41. Ke2
Nc7 42. Kd3 Kd5 43. Bb6 Nb5 44. a4 Nd6 45. Bc7 f5 46. Bb8 Nc4 47. Kc3 e4 48.
fxe4+ fxe4 49. Bc7 Kc5 50. Bd8 Nb6 51. Be7+ Kd5 52. Kb4 e3 53. Ka5 Kc4 54. Bg5 e2
55. Bd2 Kd3 56. Be1 Nxa4 57. Kxa4 Kc2 0-1

[Event "TIPC 2016"]
[Site "Roux"]
[Date "2016.08.03"]
[Round "6.15"]
[White "Schuermans, Robert"]
[Black "Vingerhoets, Luc"]
[Result "1/2-1/2"]
[BlackElo "1951"]
[WhiteElo "2128"]
[LiveChessVersion "1.4.6"]

1. e4 d6 2. d4 Nf6 3. Nc3 Nbd7 4. f4 e5 5. dxe5 dxe5 6. fxe5 Nxe5 7. Qxd8+ Kxd8
8. Bg5 c6 9. Nf3 Bd6 10. O-O-O Kc7 11. Nd4 Bd7 12. Bxf6 gxf6 13. h3 Rag8 14. Nf5
Bc5 15. Na4 Bf8 16. c4 h5 17. Nc3 h4 18. Kc2 Bxf5 19. exf5 Rg5 20. Ne4 Rxf5 21.
Bd3 Rg8 22. Rd2 Rf4 23. Re2 Be7 24. Rd1 Rd8 25. b3 Rd7 26. Re3 b6 27. Be2 Rxd1
28. Kxd1 f5 1/2-1/2

[Event "TIPC 2016"]
[Site "Roux"]
[Date "2016.08.04"]
[Round "7.1"]
[White "Capone, Nicola"]
[Black "Gurevich, Mikhail"]
[Result "0-1"]
[BlackElo "2561"]
[WhiteElo "2397"]
[LiveChessVersion "1.4.6"]

1. e4  e6  2. d4  d5
 3. Nc3  Nf6  4. e5
 Nfd7  5. f4  c5 
6. Nf3  Be7  7. Be3  b6
 8. Be2  O-O  9. O-O
 Ba6  10. Nb5  Nc6
 11. a4  Bb7  12. Qe1
 a6  13. Nc3  cxd4
 14. Nxd4  Nxd4  15. Bxd4
 Bc5  16. Rd1  Qc7
 17. Kh1  Rac8  18. Qh4
 Bxd4  19. Rxd4  f6
 20. Bd3  h6  21. Qg4
 Nc5  22. b4  fxe5
 23. Qg6  Nxd3  24. Qxe6+
 Kh8  25. Rxd3  d4
 26. Nd5  Qc4  0-1

[Event "TIPC 2016"]
[Site "Roux"]
[Date "2016.08.04"]
[Round "7.2"]
[White "Sumets, Andrey"]
[Black "Naumkin, Igor"]
[Result "1-0"]
[BlackElo "2405"]
[WhiteElo "2551"]
[LiveChessVersion "1.4.6"]

1. d4  e6  2. c4  f5
 3. g3  Nf6  4. Bg2
 Bb4+  5. Nd2  O-O
 6. Ngf3  d6  7. O-O
 Bxd2  8. Qxd2  a5
 9. b3  Qe8  10. Bb2
 b5  11. Ng5  Ra7
 12. e4  fxe4  13. Nxe4
 Nxe4  14. Bxe4  bxc4
 15. bxc4  Nd7  16. Rfe1
 Bb7  17. d5  e5 
18. f4  Bc8  19. Rab1  Ra6
 20. fxe5  Nxe5  21. Bxe5
 dxe5  22. c5  Qh5
 23. d6  cxd6  24. Bd5+
 Kh8  25. Rf1  Qe8
 26. Rxf8+  Qxf8  27. Rf1
 Qe8  28. Qf2  Be6
 29. Qf8+  1-0

[Event "TIPC 2016"]
[Site "Roux"]
[Date "2016.08.04"]
[Round "7.3"]
[White "Miezis, Normunds"]
[Black "Hautot, Stéphane"]
[Result "1-0"]
[BlackElo "2402"]
[WhiteElo "2498"]
[LiveChessVersion "1.4.6"]

1. c4  c5  2. Nc3  Nc6
 3. g3  g6  4. Bg2
 Bg7  5. a3  a5 
6. d3  e6  7. e4  Nge7
 8. Nge2  O-O  9. O-O
 d6  10. Rb1  Nd4
 11. Nxd4  cxd4  12. Nb5
 Nc6  13. b3  Qe7
 14. a4  Na7  15. Ba3
 Nxb5  16. cxb5  e5
 17. b4  axb4  18. Bxb4
 Be6  19. f4  f6 
20. a5  Qd7  21. b6  Rfc8
 22. Qd2  Bh6  23. Qe2
 Qa4  24. Rb2  Rc6
 25. fxe5  fxe5  26. h4
 Rac8  27. Bd2  Be3+
 28. Bxe3  dxe3  29. Qxe3
 Qxa5  30. Qh6  Re8
 31. Kh2  Rcc8  32. Rbf2
 Qxb6  33. Bh3  Qb3
 34. h5  Bxh3  35. hxg6
 hxg6  36. Rf6  Bf5
 37. R1xf5  1-0

[Event "TIPC 2016"]
[Site "Roux"]
[Date "2016.08.04"]
[Round "7.4"]
[White "Van Der Stricht, Geert"]
[Black "Cappon, John"]
[Result "1/2-1/2"]
[BlackElo "2229"]
[WhiteElo "2368"]
[LiveChessVersion "1.4.6"]

1. d4  d5  2. c4  c6
 3. Nf3  Nf6  4. Qc2
 dxc4  5. e4  b5 
6. b3  cxb3  7. axb3  Bg4
 8. Be2  e6  9. O-O
 Bxf3  10. Bxf3  Qxd4
 11. Nc3  Bb4  12. Bb2
 Qc5  13. Rfc1  O-O
 14. Qe2  Qb6  15. Na2
 Be7  16. Bxf6  Bxf6
 17. e5  Be7  18. Be4
 f5  19. exf6  Rxf6
 20. Bf3  a6  21. Nc3
 Ra7  22. Ne4  Rh6
 23. Rab1  a5  24. g3
 Rc7  25. h4  Nd7
 26. Ng5  Nf8  27. Be4
 c5  28. Kg2  Bf6
 29. Rd1  Bd4  30. f4
 Rf6  1/2-1/2

[Event "TIPC 2016"]
[Site "Roux"]
[Date "2016.08.04"]
[Round "7.5"]
[White "Fontaine, Quentin"]
[Black "Okhotnik, Vladimir"]
[Result "0-1"]
[BlackElo "2454"]
[WhiteElo "2238"]
[LiveChessVersion "1.4.6"]

1. c4  Nf6  2. Nc3  d5
 3. cxd5  Nxd5  4. g3
 g6  5. Bg2  Nb6 
6. d3  Bg7  7. Be3  Nc6
 8. Qd2  Nd4  9. Nf3
 e5  10. O-O  O-O
 11. Bh6  Re8  12. Bxg7
 Kxg7  13. e3  Nxf3+
 14. Bxf3  c6  15. Ne4
 Nd5  16. b4  Bh3
 17. Rfb1  f5  18. Nc3
 Nf6  19. Qc2  Rc8
 20. Rd1  Bg4  21. Be2
 Qe7  22. Rab1  h5
 23. e4  h4  24. Bxg4
 Nxg4  25. d4  hxg3
 26. hxg3  f4  27. Qd3
 Rh8  28. Qf3  Nh2
 29. Qd3  Qe6  30. dxe5
 Rcd8  31. Qxd8  Rxd8
 32. Kxh2  Rh8+  33. Kg2
 Qg4  34. Rd3  f3+
 0-1

[Event "TIPC 2016"]
[Site "Roux"]
[Date "2016.08.04"]
[Round "7.6"]
[White "Carlier, Bruno"]
[Black "Decrop, Benjamin"]
[Result "1/2-1/2"]
[BlackElo "2098"]
[WhiteElo "2403"]
[LiveChessVersion "1.4.6"]

1. e4  c5  2. Nf3  d6
 3. d3  Nc6  4. g3
 Nf6  5. Bg2  e6 
6. O-O  Be7  7. Re1  Qc7
 8. Nc3  O-O  9. Bf4
 Ne5  10. Nb5  Qb8
 11. a4  a6  12. Nc3
 Bd7  13. a5  Qc7
 14. Nd2  h6  15. Nc4
 Bb5  16. Na3  Bc6
 17. Nc4  Bb5  18. Nb6
 Rad8  19. Nxb5  axb5
 20. c4  Nfd7  21. Nxd7
 Qxd7  22. Qb3  1/2-1/2

[Event "TIPC 2016"]
[Site "Roux"]
[Date "2016.08.04"]
[Round "7.7"]
[White "Müeller, Martin"]
[Black "Van Mechelen, Jan"]
[Result "1/2-1/2"]
[BlackElo "2249"]
[WhiteElo "2070"]
[LiveChessVersion "1.4.6"]

1. d4  Nf6  2. Bg5  e6
 3. Nd2  h6  4. Bh4
 d5  5. e3  Be7 
6. Ngf3  Nbd7  7. Bd3  c5
 8. c3  b6  9. O-O
 Bb7  10. Ne5  Nxe5
 11. dxe5  Nd7  12. Bxe7
 Qxe7  13. f4  O-O
 14. Qh5  Qe8  15. Rf3
 f6  16. Bg6  Qe7
 17. Rg3  fxe5  18. fxe5
 Kh8  19. Nf3  Ba6
 20. Re1  Bb7  21. h4
 Rad8  22. Nh2  Rf5
 23. Bxf5  exf5  24. Qxf5
 Nxe5  25. Ng4  Nxg4
 26. Qxg4  d4  27. cxd4
 cxd4  28. Rd1  d3
 29. Rd2  Be4  30. Kh2
 Rf8  31. a3  Kh7
 32. Kg1  Rf6  33. Kh2
 Rc6  34. h5  Rc5
 35. Qd1  Qd6  36. Qg4
 Qe7  37. Qd1  Qe5 38. Qg4
1/2-1/2

[Event "TIPC 2016"]
[Site "Roux"]
[Date "2016.08.04"]
[Round "7.8"]
[White "Sclacmender, Julien"]
[Black "De Villers, Mourad"]
[Result "1/2-1/2"]
[BlackElo "2136"]
[WhiteElo "2201"]
[LiveChessVersion "1.4.6"]

1. e4  c5  2. Nf3  g6
 3. d4  cxd4  4. Nxd4
 Nc6  5. Nc3  Bg7
 6. Be3  Nf6  7. Bc4
 O-O  8. Bb3  a5 
9. O-O  a4  10. Nxa4  Nxe4
 11. Nb5  d5  12. Bb6
 Qd7  13. c3  Ra6
 14. f3  Ne5  15. Nd4
 Qd6  16. fxe4  Ng4
 17. Nf3  Rxb6  18. Qxd5
 Bh6  19. Nxb6  Qxb6+
 20. Kh1  Nf2+  21. Rxf2
 Qxf2  22. Qb5  Kh8
 23. Bd5  Bg4  24. Rf1
 Qc2  25. Qb3  Qe2
 26. Qc4  Bxf3  27. Rxf3
 Qxb2  28. Bxf7  Bg7
 29. Kg1  b5  30. Qd3
 Be5  31. Bb3  Qc1+
 32. Kf2  Rc8  33. Qd7
 Qb2+  34. Kg1  Qc1+
 35. Kf2  Qb2+  36. Kg1
 Qc1+  37. Rf1  Qxc3
 38. Qxe7  Qc5+  39. Qxc5
 Rxc5  40. g3  Rc3
 41. Kg2  Re3  42. Bd5
 Re2+  43. Rf2  Rxf2+
 44. Kxf2  Kg7  45. Ke3
 Kf6  46. Kd3  h5
 47. Bc6  b4  48. Kc4
 Bd6  49. Kd5  Be5
 50. Be8  h4  51. gxh4
 Bxh2  52. e5+  Bxe5
 53. Bxg6  Bc3  54. h5
 Kg7  55. Kc4  1/2-1/2

[Event "TIPC 2016"]
[Site "Roux"]
[Date "2016.08.04"]
[Round "7.9"]
[White "Boucquet, Emile"]
[Black "Klinova, Masha"]
[Result "1-0"]
[BlackElo "2301"]
[WhiteElo "2179"]
[LiveChessVersion "1.4.6"]

1. Nf3  g6  2. g3  Bg7
 3. d4  Nf6  4. c4
 O-O  5. Bg2  d6 
6. O-O  Nc6  7. Nc3  Rb8
 8. h3  a6  9. e4
 e5  10. d5  Ne7 
11. Bg5  Nd7  12. Qd2  f6
 13. Be3  f5  14. Ng5
 Nf6  15. Rfd1  Nh5
 16. c5  f4  17. gxf4
 Nxf4  18. cxd6  Qxd6
 19. Ne2  Qf6  20. Bxf4
 exf4  21. Nf3  Qxb2
 22. Qxb2  Bxb2  23. Rab1
 Ba3  24. Rb3  Bc5
 25. Rc1  Bb6  26. Ne5
 g5  27. Nf3  g4 
28. hxg4  Bxg4  29. Nc3  Ba5
 30. Ne5  Bc8  31. Ne2
 Ng6  32. Nc6  bxc6
 33. Rxb8  cxd5  34. exd5
 Ne7  35. Bf3  Kg7
 36. Rc5  Bb6  37. Rc4
 Rf6  38. Re4  Rg6+
 39. Kf1  Bh3+  40. Ke1
 Nxd5  41. Re5  Nf6
 42. Nxf4  Rg1+  43. Kd2
 Bd7  44. Re7+  Kh6
 45. Rf8  Ba5+  46. Ke3
 Bb6+  47. Kd2  Ba5+
 48. Kc2  Bf5+  49. Nd3
 Kg5  50. Re5  Rf1
 51. Be4 1-0

[Event "TIPC 2016"]
[Site "Roux"]
[Date "2016.08.04"]
[Round "7.10"]
[White "Gijsen, Stief"]
[Black "Bruno, Ricardo"]
[Result "1/2-1/2"]
[BlackElo "2024"]
[WhiteElo "2144"]
[LiveChessVersion "1.4.6"]

1. d4  Nf6  2. c4  g6
 3. Nc3  Bg7  4. e4
 d6  5. Nf3  O-O 
6. h3  e5  7. d5  a5
 8. Be3  Na6  9. g4
 Nd7  10. Be2  Ndc5
 11. Qd2  Bd7  12. Bh6
 Bxh6  13. Qxh6  f6
 14. O-O-O  Na4  15. Nxa4
 Bxa4  16. Rdg1  Nc5
 17. Nd2  Rb8  18. h4
 Qe7  19. Qe3  Kh8
 20. g5  fxg5  21. h5
 h6  22. hxg6  Kg7
 23. Nf3  Rxf3  24. Bxf3
 Be8  25. Bh5  Qf6
 26. Rh3  Qf4  27. Rg4
 Nd3+  28. Kc2  Qxe3
 29. Rxe3  Nf4  30. Rxf4
 exf4  31. Re1  Bxg6
 32. Bxg6  Kxg6  33. e5
 dxe5  34. Rxe5  Rf8
 35. Kd3  h5  36. Ke4
 g4  37. Re6+  Kg5
 38. Re7  h4  39. Rg7+
 Kh5  40. Rh7+  Kg5
 41. Rg7+  Kh5  1/2-1/2

[Event "TIPC 2016"]
[Site "Roux"]
[Date "2016.08.04"]
[Round "7.11"]
[White "Le Quang, Kim"]
[Black "Réal, Thibault"]
[Result "1-0"]
[BlackElo "2071"]
[WhiteElo "2264"]
[LiveChessVersion "1.4.6"]

1. c4 e5 2. Nc3 Nc6 3. g3 Nf6 4. Bg2 Bc5 5. Nf3 d6 6. O-O O-O 7. d3 h6 8. a3 a5
9. b3 Re8 10. Bb2 Bf5 11. e3 e4 12. dxe4 Nxe4 13. Nd5 Ne5 14. Nd4 Bh7 15. f3 Nf6
16. e4 b5 17. Nxf6+ Qxf6 18. cxb5 d5 19. Kh1 Qb6 20. b4 Bf8 21. bxa5 Rxa5 22. a4
dxe4 23. Qb3 c5 24. bxc6 Qxb3 25. Nxb3 exf3 26. Nxa5 fxg2+ 27. Kxg2 Be4+ 28. Kh3
Nf3 29. Rad1 f5 30. g4 Ng5+ 31. Kg3 Bd6+ 32. Rxd6 1-0

[Event "TIPC 2016"]
[Site "Roux"]
[Date "2016.08.04"]
[Round "7.12"]
[White "Callier, Christophe"]
[Black "Faybish, Nimrod"]
[Result "1/2-1/2"]
[BlackElo "2203"]
[WhiteElo "2015"]
[LiveChessVersion "1.4.6"]

1. e4 c5 2. Nf3 Nc6 3. d4 cxd4 4. Nxd4 Nf6 5. Nc3 e5 6. Ndb5 d6 7. Bg5 a6 8. Bxf6
gxf6 9. Na3 b5 10. Nd5 Bg7 11. c3 f5 12. exf5 Bxf5 13. Nc2 O-O 14. Nce3 Be6 15.
Qh5 f5 16. Bd3 e4 17. Bc2 Ne5 18. Nf4 Qd7 19. Nxe6 Qxe6 20. Bb3 Nc4 21. Rd1 Kh8
22. O-O f4 23. Bxc4 bxc4 24. Qd5 Qxd5 25. Nxd5 Rab8 26. Rd2 f3 27. Re1 Bh6
1/2-1/2

[Event "TIPC 2016"]
[Site "Roux"]
[Date "2016.08.04"]
[Round "7.14"]
[White "Hoffmeister, Frank"]
[Black "Verhaegen, Albert"]
[Result "1-0"]
[BlackElo "2057"]
[WhiteElo "2165"]
[LiveChessVersion "1.4.6"]

1. d4 d5 2. c4 Bf5 3. cxd5 Bxb1 4. Qa4+ c6 5. Rxb1 Qxd5 6. Nf3 Nd7 7. a3 Qf5 8.
Ra1 Ngf6 9. e3 e6 10. Qb3 O-O-O 11. Bd3 Qa5+ 12. Bd2 Qc7 13. O-O h6 14. Rfd1 g5
15. Bb4 g4 16. Nd2 Bd6 17. Bxd6 Qxd6 18. Rac1 h5 19. Nc4 Qc7 20. Qa4 Kb8 21. Na5
Nb6 22. Qc2 Rd5 23. b4 Rc8 24. Qb2 Qd8 25. Nb3 Na4 26. Qe2 h4 27. e4 Rg5 28. Qe3
Nh5 29. Rd2 g3 30. fxg3 hxg3 31. h3 Rg7 32. Be2 Nf6 33. Qf4+ Ka8 34. Rd3 Rg6 35.
Rf1 Rc7 36. Qh4 1-0

[Event "TIPC 2016"]
[Site "Roux"]
[Date "2016.08.04"]
[Round "7.15"]
[White "Dugailliez, Guy"]
[Black "Schuermans, Robert"]
[Result "0-1"]
[BlackElo "2128"]
[WhiteElo "1941"]
[LiveChessVersion "1.4.6"]

1. e4 e5 2. f4 exf4 3. Nc3 Qh4+ 4. Ke2 Qe7 5. d4 Nf6 6. e5 d6 7. Bxf4 Bg4+ 8. Nf3
dxe5 9. dxe5 Nc6 10. Kf2 Rd8 11. Bd3 Nh5 12. Bg5 Qc5+ 13. Be3 Qa5 14. Qe1 Bxf3
15. gxf3 Be7 16. Qg1 Nxe5 17. Rd1 Bh4+ 18. Ke2 O-O 19. f4 Nxd3 20. Rxd3 Qf5 21.
Qf1 Nf6 22. Kd2 Ng4 23. Qh3 Nxe3 24. Qxe3 Rxd3+ 25. cxd3 Rd8 26. Kc2 Bf6 27. Ne4
Bd4 28. Qg3 Qd5 29. Kb1 f5 30. Rg1 fxe4 0-1

[Event "TIPC 2016"]
[Site "Roux"]
[Date "2016.08.05"]
[Round "8.1"]
[White "Okhotnik, Vladimir"]
[Black "Gurevich, Mikhail"]
[Result "1-0"]
[BlackElo "2561"]
[WhiteElo "2454"]
[LiveChessVersion "1.4.6"]

1. e4  e6  2. d4  d5
 3. exd5  exd5  4. Nf3
 Bg4  5. h3  Qe7+
 6. Be3  Qb4+  7. Nbd2
 Bf5  8. Nh4  Be6
 9. Bd3  Nc6  10. Nhf3
 Qxb2  11. Rb1  Qxa2
 12. Ra1  Qb2  13. Nb3
 Nb4  14. O-O  Qc3
 15. Ne5  Nxd3  16. Bd2
 Qxa1  17. Qxa1  Nxe5
 18. dxe5  Ne7  19. Nd4
 Nc6  20. Nxc6  bxc6
 21. Qa5  Kd7  22. f4
 Bf5  23. Rb1  Be7
 24. Rb7  Rhc8  25. Bb4
 h5  26. Bxe7  Kxe7
 27. Qc5+  Ke8  28. Qxc6+
 Kf8  29. Qxd5  a5
 30. Rxc7  Rxc7  31. Qxa8+
 Ke7  32. Qxa5  Rxc2
 33. Qa3+  Ke8  34. g4
 hxg4  35. hxg4  Bd7
 36. f5  Rc6  37. Kf2
 f6  38. Qa8+  Kf7
 39. e6+  Ke7  40. exd7
 1-0

[Event "TIPC 2016"]
[Site "Roux"]
[Date "2016.08.05"]
[Round "8.2"]
[White "Cappon, John"]
[Black "Sumets, Andrey"]
[Result "0-1"]
[BlackElo "2551"]
[WhiteElo "2229"]
[LiveChessVersion "1.4.6"]

1. e4  e5  2. Nf3  Nc6
 3. Bc4  Be7  4. O-O
 Nf6  5. Re1  O-O
 6. c3  Nxe4  7. Bd5
 Nf6  8. Bxc6  dxc6
 9. Nxe5  c5  10. d3
 Re8  11. Nd2  Qd5
 12. Qf3  Bf8  13. Qxd5
 Nxd5  14. Nef3  Bf5
 15. Ne4  Rad8  16. Bd2
 c6  17. h3  Nb6 
18. b3  Re7  19. Be3  Rxd3
 20. Ng3  Bg6  21. c4
 Re8  22. Nh4  f6
 23. Nxg6  hxg6  24. Rad1
 Rxd1  25. Rxd1  Kf7
 26. a4  Ke6  27. Ne4
 Nd7  28. f4  b6 
29. Kf2  Nb8  30. g4  Be7
 31. a5  Rh8  32. Kg2
 Rd8  33. Rxd8  Bxd8
 34. axb6  axb6  35. Bd2
 f5  36. Nf2  Bf6
 37. Kf3  Na6  38. Nd3
 Nc7  39. Be3  Ne8
 40. b4  cxb4  41. Bxb6
 Be7  42. Bd4  Nf6
 43. g5  Ne4  44. Ke3
 b3  45. Nc1  Nxg5
 46. Nxb3  Nxh3  47. Bxg7
 Bd6  48. Bh6  Kf7
 49. Kf3  Kg8  50. Kg3
 Kh7  51. Kxh3  Kxh6
 52. Nd4  Bxf4  53. Nxc6
 Kg7  54. Nb4  Bd6
 55. Nd3  Kf6  56. Kg2
 g5  57. c5  Bc7 
58. Nb4  Ke6  59. Nc6  Kd5
 60. Ne7+  Ke4  61. Ng8
 Be5  62. c6  Kd5
 63. Ne7+  Ke6  64. Nc8
 g4  65. Nb6  Bc7
 66. Nc4  f4  67. Nb2
 Kd5  68. Nd3  f3+
 69. Kf2  Kxc6  70. Ke3
 Kd5  71. Ne1  Bb6+ 0-1

[Event "TIPC 2016"]
[Site "Roux"]
[Date "2016.08.05"]
[Round "8.3"]
[White "Van Der Stricht, Geert"]
[Black "Miezis, Normunds"]
[Result "1-0"]
[BlackElo "2498"]
[WhiteElo "2368"]
[LiveChessVersion "1.4.6"]

1. d4  Nf6  2. c4  e6
 3. Nc3  Bb4  4. e3
 b6  5. Nge2  Ba6
 6. a3  Be7  7. Nf4
 d5  8. cxd5  Bxf1
 9. dxe6  Ba6  10. exf7+
 Kxf7  11. e4  c5
 12. e5  Qxd4  13. e6+
 Kf8  14. Qf3  Qe5+
 15. Be3  g5  16. Nfe2
 Nc6  17. Qxc6  Rd8
 18. h4  Kg7  19. hxg5
 Nd5  20. Nxd5  Rxd5
 21. Nc3  Rhd8  22. Qa4
 Rd3  23. O-O  Bb7
 24. Rae1  a6  25. Qg4
 Rf8  26. f4  Qf5
 27. Qxf5  Rxf5  28. g4
 Rf8  29. f5  Bd6
 30. Kf2  c4  31. Rd1
 Be5  32. Rxd3  cxd3
 33. Rd1  Rd8  34. Bxb6
 Rd6  35. Bc7  Bd4+
 36. Kg3  Rc6  37. Rxd3
 1-0